LEADER 01416nam a2200313 a 4500 001 000000135736 003 CaOOAMICUS 005 20131010101857.0 008 131010s2013 be u000 u eng r 020 $a978-90-429-2926-5 040 $aPUL$bita 041 0 $aeng$afre$ager 245 04$aThe apocryphal gospels within the context of early christian theology /$cedited by Jens Schröter. 260 $aLeuven, Paris, Walpole (MA) :$bPeeters,$c2013. 300 $aXII, 804 p. ;$c25 cm. 490 1 $aBibliotheca Ephemeridum theologicarum Lovaniensium ;$v260 504 $aBibliografia in nota. 546 $aTesti in inglese, francese e tedesco. 630 04$aApocrypha.$pN.T.$pEvangelia.$0(OLS)http://pul/subject/35462 650 4$aTeologia cristiana.$0(OLS)http://pul/subject/38120 700 1 $aSchröter, Jens.$0(OLS)http://pul/name/53665 830 0$aBibliotheca Ephemeridum theologicarum Lovaniensium ;$v260.$0(OLS)http://pul/title/1445 850 $aPUL 852 $aPUL$W1$xSL Religione 1$y3$m17 A 260$j156531$qStampati$B155879$CPULBib$Z2$F155879 $H122981 $82 941 1 $a8 996 $6020$a978-90-429-2926-5$9(OLS)http://pul/number/153709 996 $6245$aThe apocryphal gospels within the context of early christian theology$9(OLS)http://pul/title/171604 996 $6260$aLeuven, Paris, Walpole (MA) :$bPeeters$9(OLS)http://pul/publisher/80881 LEADER 01289nam a2200313 a 4500 001 000000138832 003 CaOOAMICUS 005 20140613100813.0 008 140613s1977 gw u000 u ger r 040 $aPUL$bita 082 04$a262.5 245 04$aDas Konstanzer Konzil /$chrsg. von Remigius Baeumer. 260 $aDarmstadt :$bWissenschaftliche Buchgesellschaft,$c1977. 300 $aXI, 436 p. ;$c20 cm 490 1 $aWege der Forschung ;$v415 500 $aInclude indice. 504 $aInclude riferimenti bibliografici. 611 24$aConcilium Constantiense$d(1414-1418).$0(OLS)http://pul/subject/3129 650 4$aConcili e sinodi.$0(OLS)http://pul/subject/1553 700 1 $aBäumer, Remigius,$csac.,$d1918-1998.$0(OLS)http://pul/name/812 830 0$aWege der Forschung ;$v415.$0(OLS)http://pul/title/10007 850 $aPUL 852 $aPUL$W1$xDP2 Religione 3$y114$m262. 5 BAURE 1$j160257$qDDC 21$B159705$CPULBib$Z2$F159705 $H91148 $82 941 1 $a9 961 $aDono del prof. B. Ferme. 996 $6082$a262.5$9(OLS)http://pul/classification/444 996 $6245$aDas Konstanzer Konzil$9(OLS)http://pul/title/175764 996 $6260$aDarmstadt :$bWissenschaftliche Buchgesellschaft$9(OLS)http://pul/publisher/51457